| 000 | 00470nam a2200097Ia 4500 | ||
|---|---|---|---|
| 008 | 180130s9999 xx 000 0 und d | ||
| 245 |
_cKaisti, Matti; Rantala, Ville; Mujunen, Tapio; Hyrynsalmi, Sami; Konnola, Kaisa; Makila, Tuomas; Lehtonen, Teijo _aAgile methods for embedded systems development - a literature review and a mapping study |
||
| 260 | _c2016 | ||
| 300 | _aBook title: Embedded system design--Acession number C20733; pages 143-158 | ||
| 650 | _aSYSTEM DESIGN | ||
| 999 |
_c354360 _d354360 |
||